01659 a2200181 45000010006000000050017000060080041000230030015000640400040000790800057001192450087001760200018002632640053002813000019003345050994003531000023013478560107013702496520260407155532.0260407a1994 arg spa dAR-UNSa-BCEJYS aAR-UNSa-BCEJYSbspacAR-UNSa-BCEJYS a658.5xPlanificación y control de la producción 10aProducciónpSu organización y administración en el umbral del tercer milenio a950-791-024-7 1aBuenos Aires :bEdiciones Interoceánicasc1994 a556 p.c25 cm. aParte I : El sistema de producción : 1. Evolución de los hechos e ideas en producción - 2. La producción como sistema - 3. El sistema de dirección de producción - Parte II : Estrategia : 4. La estrategia de producción - 5. La tecnología - 6. El producto - 7. El proceso - 8. Dimensión - 9. Localización - 10. Organización de la producción - Parte III : Táctica : 12. Latáctica de la producción - 13. Producción continua - 14. Producción por montaje - 15. Producción intermitente - 16. Producción por proyectos - 17. Actividades productivas primarias - 18. Prestación de servicios - 19. Control de calidad - Parte IV : Logistica : 20. La logistica de producción - 21. Abastecimiento - 22. Expedición y distribución física - 23. Mantenimiento - 24. La fuerza del trabajo - 25. Servicios y contextos - Parte V : Control supeior y desarrollado : 26. El control superior de la producción - 27. Cambio y desarrollo del sistema de producción. 1 aSolana, Ricardo F.41uhttps://biblioeco.unsa.edu.ar/pmb/images/libros/Produccion (l65177).jpgyImagen de portadaqimage/jpeg